| 000 | 00361cam a22001337a 4500 | ||
|---|---|---|---|
| 008 | 180718b1955 xxu||||| |||| 00| 0 eng d | ||
| 082 | _aR22x54 Si64 | ||
| 100 | _aSingh, Raghuraj | ||
| 245 |
_aMovement of industrial wages in India _cby Raghuraj Singh |
||
| 260 |
_aBombay _bAsia _c1955 |
||
| 300 | _a346p. | ||
| 650 | _aIndustrial Labour-India | ||
| 650 | _aWages | ||
| 999 |
_c434513 _d434513 |
||